AutoCad avanzado 2002

I tiakina i:
Ngā taipitopito rārangi puna kōrero
Kaituhi matua: Tajadura Zapirain, José Antonio (Author)
Ētahi atu kaituhi: López Fernández, Javier (autor)
Hōputu: Pukapuka
Reo:Pāniora
I whakaputaina: Madrid McGraw Hill 2002
Ngā marau:
Ngā Tūtohu: Tāpirihia he Tūtohu
Kāore He Tūtohu, Me noho koe te mea tuatahi ki te tūtohu i tēnei pūkete!

MARC

LEADER 00000nam a2200000 a 4500
001 UCM7531
003 CL-VaPUC
008 021227e20020000SP |||||||||||||||||spa|d
082 0 4 |a 005.133  |b TAJ  |2 21 
100 0 |a Tajadura Zapirain, José Antonio  |e author  |9 473146 
700 |a López Fernández, Javier  |e autor  |9 473147 
245 1 0 |a AutoCad avanzado 2002 
300 |a 615 p 
942 |c BK 
945 |d 20021227 00:00:00  |a vberengu 
260 |a Madrid  |b McGraw Hill  |c 2002 
500 |a Incluye cd 
650 0 |a AutoCAD  |9 410021 
650 0 |a Programas de computación   |9 334383 
650 7 |a DISEÑO ASISTIDO POR COMPUTADOR  |2 CL-VaPUC  |9 473148 
583 |a last modification  |c 20021227 00:00:00  |k Rodrigo Vera 
999 |c 302292  |d 302290 
952 |0 0  |1 0  |2 ddc  |4 0  |6 005_133000000000000_TAJ_2002  |7 0  |8 A  |9 362474  |a BIBING  |b BIBING  |c RES  |d 2019-11-21  |i 3869571  |o 005.133 TAJ 2002  |p 3869571  |r 2025-01-20  |w 2019-11-21  |y BK  |k TRA 
952 |0 0  |1 0  |2 ddc  |4 0  |6 005_133000000000000_TAJ_2002  |7 0  |8 A  |9 362475  |a BIBING  |b BIBING  |c RES  |d 2019-11-21  |i 3961702  |o 005.133 TAJ 2002  |p 3961702  |r 2025-01-20  |w 2019-11-21  |y BK  |k CCL 
952 |0 0  |1 0  |2 ddc  |4 0  |6 005_133000000000000_TAJ_2002  |7 0  |8 A  |9 362476  |a BIBING  |b BIBING  |d 2019-11-21  |i 3961710  |o 005.133 TAJ 2002  |p 3961710  |r 2025-01-20  |w 2019-11-21  |y BK  |k CCL